000 00332nam a2200121Ia 4500
008 220805s9999 xx 000 0 und d
041 _aeng
082 _a721.044
100 _aChannapattan V.N.
_988035
260 _bChannapattan v.N.
245 _aMaterial for Civil and Interior Construcation
650 _aCivil Construcation
_988036
999 _c48464
_d48464